| 000 | 00779cam a2200265 4500 | ||
|---|---|---|---|
| 001 | 24365 | ||
| 003 | BD-RjUL | ||
| 005 | 20211209001036.0 | ||
| 008 | 140313s1969 enkabc b 001 0beng d | ||
| 020 | _a0080071015 | ||
| 035 | _a(BD-RjUL)24431 | ||
| 040 |
_aDLC _cDLC _dDLC _dBD-RjUL _beng |
||
| 041 | _aeng | ||
| 082 | 0 | 0 |
_a940.409420924 _bTUN 1969 |
| 100 | 1 |
_aTurner, P. W. _q(Philip Wilson) _975009 |
|
| 245 | 1 | 0 |
_aNot for glory / _cby P. W. Turner and R. H. Haigh. |
| 260 |
_aLondon : _bMaxwell, _c1969. |
||
| 300 |
_a113 p. : _billus., maps, ports. ; _c23 cm. |
||
| 504 | _aBibliography: p. 110. and Index | ||
| 600 | 1 | 0 |
_aHall, Gilbert. _975015 |
| 700 | 1 |
_aHaigh, R. H., _ejoint author. _975011 |
|
| 942 |
_2ddc _cBK |
||
| 999 |
_c24365 _d24365 |
||